| 000 | 01155nam a2200217Ia 4500 | ||
|---|---|---|---|
| 003 | Ost | ||
| 005 | 20260416102353.0 | ||
| 008 | 260416s9999||||xx |||||||||||||| ||und|| | ||
| 040 | _cfsecg | ||
| 041 | _aara | ||
| 082 | _a339 | ||
| 100 |
_aجدايني، ميمي _eمؤلف |
||
| 245 | 0 |
_aدروس في الإقتصاد الكلي1 / _c ميمي جدايني |
|
| 260 |
_aالجزائر _bجامعة الجزائر3: كلية العلوم الإقتصادية، العلوم التجارية وعلوم التسيير _c2018 |
||
| 300 |
_a77 ورقة _bايضاحات _c30 سم |
||
| 504 | _aمراجع ص.76 | ||
| 520 | _aأسس أداء الاقتصاد الكلي، مقاييس النشاط الاقتصاد الكلي، أسس ومبادئ النظرية الكلاسيكية، النموذج الكنزي البسيط، اشتقاق نموذج التوازن في السوقين السلعية والنقدية (IS/LM) | ||
| 653 | _aالاقتصاد الكلي | ||
| 710 |
_aجامعة الجزائر3: كلية العلوم الإقتصادية، العلوم التجارية وعلوم التسيير _eناشر علمي |
||
| 942 | _cHANDOUT | ||
| 999 |
_c41079 _d41079 |
||